[Event "Innsbruck op-B 2nd"]
[Site "Innsbruck"]
[Date "2018.08.26"]
[Round "3"]
[White "Hammer, David"]
[Black "Reisner, Hans"]
[Result "1-0"]
[WhiteElo "1812"]
[BlackElo "1608"]
[PlyCount "99"]
[EventDate "2018.08.24"]
[EventType "swiss"]
[EventRounds "9"]
[EventCountry "AUT"]
[SourceTitle "CBM 186 Extra"]
[Source "ChessBase"]
[SourceDate "2018.08.24"]
[SourceVersion "1"]
[SourceVersionDate "2018.08.24"]
[SourceQuality "1"]

1. e4 d5 2. exd5 Qxd5 3. Nc3 Qa5 4. Bc4 Nf6 5. d3 Bg4 6. f3 Bf5 7. Nge2 e6 8. Bd2 c6 9. Ne4 Qc7 10. Nxf6+ gxf6 11. Bf4 e5 12. Bd2 Rg8 13. Ng3 Be6 14. Qe2 Nd7 15. 0-0-0 Bxc4 16. dxc4 0-0-0 17. Rhf1 Bd6 18. Ne4 Be7 19. g4 Nc5 20. h3 Ne6 21. Qf2 b6 22. f4 Nc5 23. Qe2 Rg7 24. f5 Nxe4 25. Qxe4 Rd4 26. Qe2 Rg8 27. Be3 Rxd1+ 28. Rxd1 Rd8 29. Qf2 Rxd1+ 30. Kxd1 Qd8+ 31. Kc1 Kb7 32. a3 Qf8 33. c3 Qh8 34. b4 h5 35. Qh4 c5 36. Qxh5 Qe8 37. b5 a6 38. a4 axb5 39. axb5 Bd8 40. g5 Qd7 41. Qf3+ Ka7 42. g6 Qd3 43. g7 Qxc3+ 44. Kd1 Qa1+ 45. Ke2 Qa2+ 46. Ke1 Qa1+ 47. Kf2 e4 48. Qxe4 Bc7 49. g8Q Qb2+ 50. Kf3 1-0

[Event "AUT-ch Seniors 65"]
[Site "Deutschlandsberg"]
[Date "2018.04.23"]
[Round "2"]
[White "Reisner, Hans"]
[Black "Groiss, Werner"]
[Result "0-1"]
[WhiteElo "1586"]
[BlackElo "1790"]
[PlyCount "82"]
[EventDate "2018.04.22"]
[EventType "swiss"]
[EventRounds "7"]
[EventCountry "AUT"]
[SourceTitle "CBM 184 Extra"]
[Source "ChessBase"]
[SourceDate "2018.06.28"]
[SourceVersion "1"]
[SourceVersionDate "2018.06.28"]
[SourceQuality "1"]

1. Nf3 d5 2. g3 Bg4 3. Bg2 Nf6 4. d3 c6 5. Nbd2 Nbd7 6. h3 Bxf3 7. Nxf3 e5 8. 0-0 Bd6 9. Re1 Qc7 10. e4 0-0 11. Bd2 Rfe8 12. Nh2 Rad8 13. Ng4 Bc5 14. Nxf6+ Nxf6 15. b4 Be7 16. exd5 cxd5 17. Rc1 b5 18. Qe2 e4 19. Bf4 Bd6 20. Bxd6 Qxd6 21. a3 Qe5 22. c3 Qf5 23. dxe4 dxe4 24. Qe3 Rd3 25. Qxa7 Red8 26. c4 bxc4 27. Rxc4 Rd1 28. Rxd1 Rxd1+ 29. Kh2 h5 30. Qe3 Ng4+ 31. hxg4 hxg4 32. Rc8+ Qxc8 33. Bxe4 Qe6 34. Qf4 g6 35. a4 Rd4 36. Qb8+ Kg7 37. Bg2 Qf5 38. Kg1 Rd1+ 39. Bf1 Qd3 40. Qe5+ Kh7 41. Qb5 Rxf1+ 0-1

[Event "Innsbruck op-B 1st"]
[Site "Innsbruck"]
[Date "2017.08.31"]
[Round "7"]
[White "Reisner, Hans"]
[Black "Fercher, Alois"]
[Result "1/2-1/2"]
[WhiteElo "1700"]
[BlackElo "1457"]
[PlyCount "43"]
[EventDate "2017.08.25"]
[EventType "swiss"]
[EventRounds "9"]
[EventCountry "AUT"]
[SourceTitle "CBM 180 Extra"]
[Source "ChessBase"]
[SourceDate "2017.10.06"]
[SourceVersion "1"]
[SourceVersionDate "2017.10.06"]
[SourceQuality "1"]

1. e4 e6 2. d4 d5 3. Nc3 Nf6 4. e5 Nfd7 5. f4 c5 6. Nf3 Nc6 7. Ne2 cxd4 8. Nexd4 Nxd4 9. Nxd4 Bc5 10. c3 0-0 11. Bd3 Qb6 12. b3 Bxd4 13. cxd4 Qb4+ 14. Qd2 Qxd2+ 15. Bxd2 f6 16. Bb4 Rf7 17. 0-0 a5 18. Bd6 Nb8 19. Bxb8 Rxb8 20. Rac1 Bd7 21. Rc3 fxe5 22. fxe5 1/2-1/2

[Event "Weiz op 16th"]
[Site "Weiz"]
[Date "2017.06.18"]
[Round "5.10"]
[White "Reisner, Hans"]
[Black "Goelles, Walter"]
[Result "1/2-1/2"]
[WhiteElo "1700"]
[BlackElo "1692"]
[PlyCount "31"]
[EventDate "2017.06.15"]
[EventType "swiss"]
[EventRounds "5"]
[EventCountry "AUT"]
[SourceTitle "EXT 2024"]
[Source "ChessBase"]
[SourceDate "2023.10.10"]
[SourceVersion "1"]
[SourceVersionDate "2023.10.10"]
[SourceQuality "1"]

1. d4 d5 2. Bf4 e6 3. e3 Nf6 4. Bd3 Be7 5. Nd2 Nbd7 6. Ngf3 c6 7. c3 b6 8. Qc2 Bb7 9. h3 c5 10. dxc5 Nxc5 11. Bb5+ Ncd7 12. 0-0 a6 13. Ba4 b5 14. Bb3 Nc5 15. Ne5 0-0 16. a4 1/2-1/2

[Event "Oberoesterreich-ch Seniors"]
[Site "Ansfelden"]
[Date "2007.06.17"]
[Round "7.6"]
[White "Feichtner, Aribert"]
[Black "Reisner, Hans"]
[Result "0-1"]
[WhiteElo "1321"]
[BlackElo "1596"]
[PlyCount "48"]
[EventDate "2007.06.11"]
[EventType "swiss"]
[EventRounds "7"]
[EventCountry "AUT"]
[SourceTitle "EXT 2024"]
[Source "ChessBase"]
[SourceDate "2023.10.10"]
[SourceVersion "1"]
[SourceVersionDate "2023.10.10"]
[SourceQuality "1"]

1. e4 e6 2. Nf3 d5 3. e5 c5 4. d4 Nc6 5. Bb5 Qb6 6. Bxc6+ bxc6 7. 0-0 cxd4 8. Nxd4 c5 9. Nf3 Ne7 10. Nc3 Bd7 11. Re1 Nf5 12. b3 Be7 13. Rb1 0-0 14. Bf4 a5 15. Qd3 Qd8 16. a4 Bc8 17. Re2 Ba6 18. Nb5 d4 19. c4 dxc3 20. Qxc3 Qb6 21. Ra2 Bxb5 22. axb5 Qxb5 23. Nd2 Nd4 24. Qg3 Ne2+ 0-1

[Event "Oberoesterreich-ch Seniors"]
[Site "Ansfelden"]
[Date "2007.06.15"]
[Round "5.5"]
[White "Reisner, Hans"]
[Black "Heimberger, Franz"]
[Result "0-1"]
[WhiteElo "1596"]
[BlackElo "1768"]
[PlyCount "114"]
[EventDate "2007.06.11"]
[EventType "swiss"]
[EventRounds "7"]
[EventCountry "AUT"]
[SourceTitle "EXT 2024"]
[Source "ChessBase"]
[SourceDate "2023.10.10"]
[SourceVersion "1"]
[SourceVersionDate "2023.10.10"]
[SourceQuality "1"]

1. c4 e5 2. Nc3 Nf6 3. Nf3 Nc6 4. g3 Be7 5. Bg2 d6 6. 0-0 0-0 7. d4 exd4 8. Nxd4 Ne5 9. b3 c6 10. Nf3 Nfg4 11. h3 Nxf3+ 12. Bxf3 Ne5 13. Bg2 Be6 14. Bb2 Qd7 15. Kh2 f5 16. e3 Bf6 17. Qd2 Rad8 18. Rad1 Qf7 19. Ba3 Be7 20. f4 Ng6 21. e4 Bf6 22. Qc2 Be7 23. Rd3 fxe4 24. Bxe4 Bf5 25. Bxf5 Qxf5 26. Qd2 Rd7 27. Rd1 Rfd8 28. Qg2 b6 29. Qf3 d5 30. Bxe7 Nxe7 31. cxd5 Nxd5 32. Ne2 h6 33. g4 Qf6 34. Kg3 Qe7 35. Nd4 Qf6 36. Nf5 Kf7 37. Ne3 Qe6 38. Nc4 Kg8 39. R3d2 Rf8 40. Rd4 Rdf7 41. f5 Qe7 42. Re4 Qc7+ 43. Kg2 g5 44. Ne5 Rf6 45. Qg3 Qd6 46. Rde1 Nf4+ 47. Kh2 Re8 48. Nc4 Rxe4 49. Rxe4 Qd1 50. Qf2 Rf8 51. Rd4 Qa1 52. Rd6 Re8 53. Rd2 Qc3 54. Qg3 Qc1 55. Qf2 b5 56. Rc2 Qa1 57. Nd6 Re1 0-1

[Event "Oberoesterreich-ch Seniors"]
[Site "Ansfelden"]
[Date "2007.06.12"]
[Round "2.6"]
[White "Baumgartner, Josef"]
[Black "Reisner, Hans"]
[Result "0-1"]
[WhiteElo "1699"]
[BlackElo "1596"]
[PlyCount "100"]
[EventDate "2007.06.11"]
[EventType "swiss"]
[EventRounds "7"]
[EventCountry "AUT"]
[SourceTitle "EXT 2024"]
[Source "ChessBase"]
[SourceDate "2023.10.10"]
[SourceVersion "1"]
[SourceVersionDate "2023.10.10"]
[SourceQuality "1"]

1. e4 e6 2. Nf3 d5 3. exd5 exd5 4. d4 Bd6 5. Bd3 Ne7 6. Bg5 f6 7. Bh4 Bf5 8. Nc3 Bxd3 9. Qxd3 c6 10. 0-0-0 0-0 11. Bg3 b5 12. Bxd6 Qxd6 13. Rde1 Nd7 14. Re2 Rfe8 15. Rhe1 Nf8 16. g3 a5 17. Nh4 Qd7 18. f3 Neg6 19. Qf5 Rxe2 20. Rxe2 Nxh4 21. Qxd7 Nxd7 22. gxh4 Kf7 23. Kd2 a4 24. Nb1 Nb6 25. f4 b4 26. f5 Nc4+ 27. Kc1 Rd8 28. Re6 Na5 29. c3 g6 30. Re3 b3 31. fxg6+ hxg6 32. axb3 Nxb3+ 33. Kc2 Rh8 34. Nd2 Nxd2 35. Kxd2 Rxh4 36. h3 Re4 37. Rg3 f5 38. Kd3 Kf6 39. c4 Re1 40. cxd5 cxd5 41. Kd2 Re4 42. Kd3 g5 43. Kc3 f4 44. Rd3 Kf5 45. Kb4 Re3 46. Rd2 Rxh3 47. Kxa4 g4 48. Kb4 g3 49. Kc5 Rh2 50. Rd1 g2 0-1